00478nam a2200097Ia 4500008004100000245007700041260004100118650015800159650001400317856004900331171212s9999 xx 000 0 und d ceditor Curtin, MichaelaPrecarious CreativitybGlobal Media, Local Labor bUniversity of California Pressc2016 aLabor and globalization; Mass media and globalization; Mass media -- Employees; Cultural industries -- Employees; Precarious employment -- Social aspects aSociology uhttp://jstor.org/stable/10.1525/j.ctt1ffjn40